000 00692cam a2200229 4500
001 M1115
008 090401t1992 xxu||||| |||| 00| 0 eng d
035 _a(Sirsi) u29882
041 0 _aeng
050 0 4 _a333.0062 $2 18
090 _aRICS 1992/65ABCD
110 2 _aRoyal Institution of Chartered Surveyors
_bBenevolent Fund
_93408
245 0 0 _aRICS Benevolent Fund annual report and accounts 1991.
260 _aLondon
_bRICS Benevolent Fund
_c1992
300 _a(6)p.
_c30cm.
350 _a0
490 0 _aRICS Benevolent Fund Financial Statements
651 4 _aInternational
690 _aABOUT RICS-RELATED ORGANISATIONA-RICS BENEVOLENT FUND
942 _n0
948 _c04/03/1997
999 _c89462
_d89462